000
00381nam a22001697a 4500
003
MPLRDC
005
20220104114432.0
008
210129b ||||| |||| 00| 0 eng d
082
_a
857.63 CKL v.58*
100
_a
岑凯伦著
245
_a
蜜糖儿
_c
250
_a
初版
260
_a
_b
环球出版社
_c
1993
300
_b
平
650
_a
942
_c
BK
_o
857.63 CKL v.58*
999
_c
7451
_d
7441